| 000 | 01042aab a2200205 i 4500 | ||
|---|---|---|---|
| 001 | 768714001 | ||
| 003 | CO-MdFUSB | ||
| 005 | 20240423090635.0 | ||
| 008 | 240423t1999 ag ||||| |||| 00| 0 spa d | ||
| 040 |
_bspa _cCO-MdFUSB |
||
| 041 | _aspa | ||
| 100 | 1 |
_aSolano, Lilia _eautor |
|
| 245 | 3 |
_aLa moral en nuestros días : _bentre el desencanto y la esperanza _c/ Lilia Solano |
|
| 300 |
_aVolumen 18, número 3 (julio - septiembre, 1999), páginas: 35 - 36 _c; 27 cm |
||
| 520 | _aEsta generación sufre el estrés de lidiar con los mismos problemas. Dado que el panorama de nuestros días es desesperante, debemos seguir destacando no sólo las brechas, sino también las oportunidades que se abrirán al comienzo del próximo milenio. Entre el fracaso de numerosas utopías y la expectativa de una nueva creación. | ||
| 650 | 7 |
_aÉtica cristiana _9185 |
|
| 650 | 0 |
_aProblemas sociales _9946 |
|
| 773 | 0 |
_tIglesia y Misión _049402 _959631 _gVolumen 18, número 3 (julio - septiembre, 1999), páginas: 35 - 36 _qpágina: 35 |
|
| 942 | _cANA | ||
| 999 |
_c52413 _d52413 |
||